[Event "HUN-chT2 Asztalos 1819"]
[Site "Hungary"]
[Date "2019.01.27"]
[Round "4.7"]
[White "Ferencz, Miklos"]
[Black "Mitric, Milutin"]
[Result "1/2-1/2"]
[WhiteElo "2022"]
[BlackElo "1851"]
[PlyCount "38"]
[EventDate "2018.10.28"]
[EventType "team-tourn"]
[EventRounds "9"]
[EventCountry "HUN"]
[SourceTitle "CBM 189 Extra"]
[Source "ChessBase"]
[SourceDate "2019.06.03"]
[SourceVersion "1"]
[SourceVersionDate "2019.06.03"]
[SourceQuality "1"]
[WhiteTeam "Nagyatad"]
[BlackTeam "Karmin"]
[WhiteTeamCountry "HUN"]
[BlackTeamCountry "HUN"]

1. e4 d6 2. d4 Nf6 3. Nc3 c6 4. Nf3 Qa5 5. Bd3 e5 6. 0-0 Be7 7. h3 Nbd7 8. a3 0-0 9. Be3 Re8 10. Qd2 Qc7 11. Rae1 Nf8 12. Ne2 Ng6 13. Ng3 Bf8 14. Bg5 Nd7 15. c3 f6 16. Bc4+ Kh8 17. Be3 Nb6 18. Bd3 Be6 19. Qc2 Nf4 1/2-1/2

[Event "HUN-chT2 Asztalos 1819"]
[Site "Hungary"]
[Date "2018.12.02"]
[Round "3.8"]
[White "Ferencz, Miklos"]
[Black "Konyves, Almos"]
[Result "1/2-1/2"]
[WhiteElo "2022"]
[BlackElo "1927"]
[PlyCount "73"]
[EventDate "2018.10.28"]
[EventType "team-tourn"]
[EventRounds "9"]
[EventCountry "HUN"]
[SourceTitle "CBM 189 Extra"]
[Source "ChessBase"]
[SourceDate "2019.06.03"]
[SourceVersion "1"]
[SourceVersionDate "2019.06.03"]
[SourceQuality "1"]
[WhiteTeam "Nagyatad"]
[BlackTeam "Baja Spartacus"]
[WhiteTeamCountry "HUN"]
[BlackTeamCountry "HUN"]

1. e4 e5 2. Nf3 Nc6 3. Bb5 a6 4. Ba4 Nf6 5. 0-0 Be7 6. Re1 b5 7. Bb3 d6 8. c3 0-0 9. a4 Bb7 10. d4 h6 11. Nbd2 Re8 12. Nf1 Bf8 13. Ng3 Nd7 14. h3 Na5 15. Bc2 c5 16. d5 c4 17. Be3 Qc7 18. Nd2 Nc5 19. Nf5 Bc8 20. axb5 axb5 21. g4 Bxf5 22. gxf5 Nd7 23. Kh2 Nb7 24. Qg4 Nf6 25. Qh4 Kh7 26. Bxh6 gxh6 27. Qxf6 Bg7 28. Qh4 Qd8 29. Qh5 Qg5 30. Qxg5 hxg5 31. Nf3 f6 32. Kg3 Kg8 33. Reb1 Nc5 34. Nd2 Rec8 35. Kg4 Kf7 36. Nf3 Nd7 37. Nd2 1/2-1/2

[Event "HUN-chT2 Asztalos 1819"]
[Site "Hungary"]
[Date "2018.11.18"]
[Round "2.7"]
[White "Ferencz, Miklos"]
[Black "Misetane Burjan, Anita"]
[Result "0-1"]
[WhiteElo "2022"]
[BlackElo "2022"]
[PlyCount "85"]
[EventDate "2018.10.28"]
[EventType "team-tourn"]
[EventRounds "9"]
[EventCountry "HUN"]
[SourceTitle "CBM 189 Extra"]
[Source "ChessBase"]
[SourceDate "2019.06.03"]
[SourceVersion "1"]
[SourceVersionDate "2019.06.03"]
[SourceQuality "1"]
[WhiteTeam "Nagyatad"]
[BlackTeam "Kaposvar Bastya"]
[WhiteTeamCountry "HUN"]
[BlackTeamCountry "HUN"]

1. e4 e5 2. Nf3 Nc6 3. d4 exd4 4. Nxd4 Bc5 5. Be3 Nxd4 6. Bxd4 Bxd4 7. Qxd4 Qf6 8. c3 d6 9. Be2 Qxd4 10. cxd4 Nf6 11. Nc3 a6 12. 0-0 Be6 13. f4 d5 14. f5 Bd7 15. e5 Ng8 16. Nxd5 0-0-0 17. Ne3 Bc6 18. Rad1 Ne7 19. Bc4 Nd5 20. Kf2 Nxe3 21. Kxe3 Bd5 22. Bxd5 Rxd5 23. Rd3 Re8 24. Ke4 c6 25. g4 h6 26. h4 f6 27. e6 Kc7 28. Rc1 Kd6 29. Rc5 Re7 30. Rdc3 Re8 31. Rxd5+ cxd5+ 32. Kf4 Rh8 33. Rg3 Rc8 34. g5 hxg5+ 35. hxg5 fxg5+ 36. Rxg5 Rc7 37. Rg3 Re7 38. Kg5 Rc7 39. Rc3 Re7 40. Kg6 b6 41. Rc8 b5 42. Rd8+ Kc6 43. Rd7 0-1

[Event "HUN-chT2 Asztalos 1819"]
[Site "Hungary"]
[Date "2018.10.28"]
[Round "1.7"]
[White "Csernyiczky, Laszlo"]
[Black "Ferencz, Miklos"]
[Result "1/2-1/2"]
[WhiteElo "1957"]
[BlackElo "2022"]
[PlyCount "20"]
[EventDate "2018.10.28"]
[EventType "team-tourn"]
[EventRounds "9"]
[EventCountry "HUN"]
[SourceTitle "CBM 189 Extra"]
[Source "ChessBase"]
[SourceDate "2019.06.03"]
[SourceVersion "1"]
[SourceVersionDate "2019.06.03"]
[SourceQuality "1"]
[WhiteTeam "Kiraly Sakk"]
[BlackTeam "Nagyatad"]
[WhiteTeamCountry "HUN"]
[BlackTeamCountry "HUN"]

1. e4 c5 2. Nf3 d6 3. d4 cxd4 4. Nxd4 Nf6 5. Nc3 a6 6. Bg5 e6 7. f4 Be7 8. Qe2 h6 9. Bxf6 Bxf6 10. 0-0-0 Qc7 1/2-1/2

[Event "HUN-chT2 Asztalos 1718"]
[Site "Hungary"]
[Date "2018.03.25"]
[Round "8.8"]
[White "Ferencz, Miklos"]
[Black "Mezei, Szilard"]
[Result "1/2-1/2"]
[WhiteElo "2042"]
[BlackElo "1859"]
[PlyCount "70"]
[EventDate "2017.10.29"]
[EventType "team-tourn"]
[EventRounds "9"]
[EventCountry "HUN"]
[SourceTitle "EXT 2021"]
[Source "ChessBase"]
[SourceDate "2020.10.23"]
[SourceVersion "1"]
[SourceVersionDate "2020.10.23"]
[SourceQuality "1"]
[WhiteTeam "Nagyatad"]
[BlackTeam "Kiraly Sakk"]
[WhiteTeamCountry "HUN"]
[BlackTeamCountry "HUN"]

1. e4 e5 2. Nf3 Nf6 3. Nxe5 d6 4. Nf3 Nxe4 5. d4 d5 6. Bd3 Bd6 7. 0-0 0-0 8. c4 c6 9. Nc3 Nxc3 10. bxc3 Nd7 11. Bg5 Be7 12. Bf4 Nf6 13. h3 dxc4 14. Bxc4 Nd5 15. Bd2 Bf5 16. Re1 b5 17. Bxd5 cxd5 18. Qe2 Ba3 19. Qxb5 Rb8 20. Qa4 Bb2 21. Rad1 Qc7 22. Re3 Bd7 23. Qc2 Qc4 24. Ne5 Ba4 25. Nxc4 Bxc2 26. Nxb2 Rxb2 27. Ra1 Rfb8 28. Bc1 Rb1 29. Rxb1 Bxb1 30. Re7 Bxa2 31. Rxa7 Bc4 32. Bf4 Rc8 33. Bd6 h6 34. Kh2 Rc6 35. Bc5 Re6 1/2-1/2

[Event "HUN-chT2 Asztalos 1516"]
[Site "Hungary"]
[Date "2016.04.17"]
[Round "11.8"]
[White "Ferencz, Miklos"]
[Black "Horvath, Csaba1111"]
[Result "1-0"]
[WhiteElo "2096"]
[BlackElo "1805"]
[PlyCount "87"]
[EventDate "2015.09.13"]
[EventType "team-tourn"]
[EventRounds "11"]
[EventCountry "HUN"]
[SourceTitle "EXT 2017"]
[Source "ChessBase"]
[SourceDate "2016.10.25"]
[SourceVersion "1"]
[SourceVersionDate "2016.10.25"]
[SourceQuality "1"]
[WhiteTeam "Nagyatad"]
[BlackTeam "Szentlorinc"]
[WhiteTeamCountry "HUN"]
[BlackTeamCountry "HUN"]

1. e4 d5 2. exd5 Qxd5 3. Nc3 Qa5 4. h3 Nf6 5. Nf3 Bf5 6. Bc4 e6 7. 0-0 c6 8. d4 Be7 9. Re1 Qd8 10. Qe2 b5 11. Bb3 a5 12. a4 b4 13. Nd1 0-0 14. c3 bxc3 15. bxc3 Nd5 16. Bd2 Ra7 17. Ne5 Rb7 18. Bc4 Bd6 19. g4 Bc2 20. Bd3 Bxd3 21. Nxd3 Qc7 22. N1b2 Na6 23. Nc4 Bf4 24. Nxf4 Nxf4 25. Bxf4 Qxf4 26. Nxa5 Rb6 27. Qe3 Qxe3 28. Rxe3 Rfb8 29. Kg2 Nc7 30. c4 Kf8 31. Raa3 Ra6 32. Nb3 Rb4 33. Nc5 Ke7 34. Nxa6 Nxa6 35. Rec3 Kd6 36. a5 g5 37. Rcb3 Rxc4 38. Rb6 Nc7 39. a6 f5 40. gxf5 exf5 41. a7 g4 42. hxg4 fxg4 43. Rb7 Na8 44. Rb8 1-0

[Event "HUN-chT2 Asztalos 1516"]
[Site "Hungary"]
[Date "2016.02.14"]
[Round "7.5"]
[White "Csire, Bence"]
[Black "Ferencz, Miklos"]
[Result "1/2-1/2"]
[WhiteElo "2056"]
[BlackElo "2096"]
[PlyCount "33"]
[EventDate "2015.09.13"]
[EventType "team-tourn"]
[EventRounds "11"]
[EventCountry "HUN"]
[SourceTitle "EXT 2017"]
[Source "ChessBase"]
[SourceDate "2016.10.25"]
[SourceVersion "1"]
[SourceVersionDate "2016.10.25"]
[SourceQuality "1"]
[WhiteTeam "Fehervar"]
[BlackTeam "Nagyatad"]
[WhiteTeamCountry "HUN"]
[BlackTeamCountry "HUN"]

1. e4 c5 2. Nf3 d6 3. d4 cxd4 4. Nxd4 Nf6 5. Nc3 a6 6. Be2 e5 7. Nb3 Be6 8. f4 Qc7 9. g4 exf4 10. Bxf4 Nc6 11. g5 Nd7 12. Nd4 Nde5 13. Nxe6 fxe6 14. Qd2 Be7 15. h4 Rf8 16. 0-0-0 Qa5 17. Rhf1 1/2-1/2

[Event "HUN-chT2 Asztalos 1516"]
[Site "Hungary"]
[Date "2015.11.08"]
[Round "4.7"]
[White "Ferencz, Miklos"]
[Black "Balint, Richard"]
[Result "1-0"]
[WhiteElo "2096"]
[BlackElo "2033"]
[PlyCount "97"]
[EventDate "2015.09.13"]
[EventType "team-tourn"]
[EventRounds "11"]
[EventCountry "HUN"]
[SourceTitle "CBM 170 Extra"]
[Source "ChessBase"]
[SourceDate "2016.02.25"]
[SourceVersion "1"]
[SourceVersionDate "2016.02.25"]
[SourceQuality "1"]
[WhiteTeam "Nagyatad"]
[BlackTeam "Baja Spartacus"]
[WhiteTeamCountry "HUN"]
[BlackTeamCountry "HUN"]

1. e4 c5 2. Nf3 d6 3. Bb5+ Bd7 4. Bxd7+ Qxd7 5. 0-0 Nc6 6. d4 cxd4 7. Nxd4 Nf6 8. Re1 g6 9. c3 Bg7 10. Bg5 0-0 11. Na3 Rfd8 12. Nac2 h6 13. Bh4 e5 14. Nxc6 bxc6 15. Qd2 Qe6 16. Nb4 Rac8 17. Qe3 Rd7 18. Bxf6 Qxf6 19. c4 Qe6 20. b3 f5 21. Rad1 a5 22. Nd3 a4 23. Qd2 fxe4 24. Nc5 Qf5 25. Nxd7 Qxd7 26. Qxd6 Qxd6 27. Rxd6 axb3 28. axb3 Kf7 29. Red1 Bf8 30. Rd8 Rc7 31. R8d7+ Rxd7 32. Rxd7+ Ke6 33. Rc7 c5 34. Kf1 Be7 35. Rc6+ Kf5 36. Ke2 h5 37. Rc7 Bd6 38. Rf7+ Ke6 39. Rh7 Be7 40. Ke3 Bg5+ 41. Kxe4 Bd2 42. Ra7 Bc3 43. Ra6+ Kf7 44. Kd5 Bd4 45. f3 g5 46. h3 h4 47. Re6 Kg7 48. Rc6 Kf7 49. Rxc5 1-0

[Event "HUN-chT2 Asztalos 1314"]
[Site "Hungary"]
[Date "2014.03.23"]
[Round "7"]
[White "Ferencz, Miklos"]
[Black "Czimer, Jozsef"]
[Result "1-0"]
[WhiteElo "2118"]
[BlackElo "1700"]
[PlyCount "71"]
[EventDate "2013.09.08"]
[EventType "team-tourn"]
[EventRounds "9"]
[EventCountry "HUN"]
[SourceTitle "EXT 2016"]
[Source "ChessBase"]
[SourceDate "2015.10.08"]
[SourceVersion "1"]
[SourceVersionDate "2015.10.08"]
[SourceQuality "1"]
[WhiteTeam "Nagyatad"]
[BlackTeam "MAV Elore"]
[WhiteTeamCountry "HUN"]
[BlackTeamCountry "HUN"]

1. e4 c5 2. Nf3 d6 3. d4 cxd4 4. Nxd4 Nf6 5. Nc3 a6 6. a4 e5 7. Nf3 Nc6 8. h3 h6 9. Bc4 Be6 10. Bxe6 fxe6 11. 0-0 Nd7 12. Be3 Be7 13. Nd2 0-0 14. Nc4 Nc5 15. Qg4 Rf6 16. Rad1 Qf8 17. Nb6 Rd8 18. Bxc5 dxc5 19. Nd7 Qf7 20. Nxf6+ Bxf6 21. Rxd8+ Bxd8 22. Qd1 Bc7 23. Ne2 Qe7 24. c3 b5 25. axb5 axb5 26. Qb3 b4 27. Qa4 Nd8 28. Rd1 Bd6 29. Qa6 Nf7 30. Qc8+ Kh7 31. Ng3 g6 32. h4 Kg7 33. h5 g5 34. Ra1 bxc3 35. bxc3 Bc7 36. Ra7 1-0

[Event "HUN-chT2 Asztalos 1213"]
[Site "Hungary"]
[Date "2013.02.17"]
[Round "7.9"]
[White "Ferencz, Miklos"]
[Black "Katona, Gergo"]
[Result "1-0"]
[WhiteElo "2120"]
[BlackElo "1630"]
[PlyCount "33"]
[EventDate "2012.09.16"]
[EventType "team-tourn"]
[EventRounds "9"]
[EventCountry "HUN"]
[SourceTitle "EXT 2014"]
[Source "ChessBase"]
[SourceDate "2013.11.20"]
[SourceVersion "1"]
[SourceVersionDate "2013.11.20"]
[SourceQuality "1"]
[WhiteTeam "Nagyatad"]
[BlackTeam "Dunaujvaros"]
[WhiteTeamCountry "HUN"]
[BlackTeamCountry "HUN"]

1. e4 e5 2. Nf3 Nc6 3. Bb5 Nf6 4. 0-0 a6 5. Bxc6 dxc6 6. Nxe5 Nxe4 7. Re1 Qd5 8. d3 Nf6 9. Nc3 Qc5 10. Ng6+ Be6 11. Nxh8 0-0-0 12. Rxe6 fxe6 13. Nf7 Rd7 14. Ng5 Bd6 15. Qe2 Qf5 16. h3 h6 17. Nge4 1-0

[Event "HUN-chT2 Asztalos 1112"]
[Site "Hungary"]
[Date "2012.03.11"]
[Round "7.9"]
[White "Haszon, Attila"]
[Black "Ferencz, Miklos"]
[Result "1/2-1/2"]
[WhiteElo "1762"]
[BlackElo "2109"]
[PlyCount "47"]
[EventDate "2011.09.25"]
[EventType "team-tourn"]
[EventRounds "11"]
[EventCountry "HUN"]
[SourceTitle "EXT 2013"]
[Source "ChessBase"]
[SourceDate "2012.11.22"]
[SourceVersion "1"]
[SourceVersionDate "2012.11.22"]
[SourceQuality "1"]
[WhiteTeam "Marcali"]
[BlackTeam "Nagyatad"]
[WhiteTeamCountry "HUN"]
[BlackTeamCountry "HUN"]

1. d4 Nf6 2. Nf3 c5 3. dxc5 Qa5+ 4. c3 Qxc5 5. g3 d6 6. Bg2 g6 7. 0-0 Bg7 8. Nbd2 0-0 9. Nb3 Qc7 10. Nbd4 Bd7 11. Qb3 Na6 12. Bg5 Nc5 13. Qc2 Rac8 14. Bxf6 Bxf6 15. e3 e5 16. Nb3 Bf5 17. Qd2 Rcd8 18. Rfd1 Na4 19. h3 Qb6 20. g4 Be6 21. Qc2 Be7 22. Rab1 f5 23. gxf5 Rxf5 24. Nbd4 1/2-1/2

[Event "HUN-chT2 Asztalos 0910"]
[Site "Hungary"]
[Date "2010.04.18"]
[Round "10"]
[White "Ferencz, Miklos"]
[Black "Varga, Ferenc"]
[Result "0-1"]
[WhiteElo "2111"]
[BlackElo "1911"]
[PlyCount "64"]
[EventDate "2009.11.08"]
[EventType "team-tourn"]
[EventRounds "11"]
[EventCountry "HUN"]
[SourceTitle "EXT 2011"]
[Source "ChessBase"]
[SourceDate "2010.11.26"]
[SourceVersion "1"]
[SourceVersionDate "2010.11.26"]
[SourceQuality "1"]
[WhiteTeam "Nagyatad"]
[BlackTeam "Baja"]
[WhiteTeamCountry "HUN"]
[BlackTeamCountry "HUN"]

1. e4 c6 2. c4 d5 3. exd5 cxd5 4. cxd5 Nf6 5. Nc3 Nxd5 6. Qb3 e6 7. Nf3 a6 8. d4 Nc6 9. Be2 Be7 10. 0-0 0-0 11. a3 b5 12. Nxd5 Qxd5 13. Qxd5 exd5 14. Be3 Bf5 15. Rfc1 Na5 16. Rc3 f6 17. Nd2 Rfc8 18. Bf3 Be6 19. Rac1 Nc4 20. Nb1 Kf8 21. b3 Nxa3 22. Rxc8+ Rxc8 23. Rxc8+ Bxc8 24. Nxa3 Bxa3 25. Bxd5 Ke7 26. Kf1 Be6 27. Bxe6 Kxe6 28. Ke2 a5 29. Kd3 Kd5 30. Kc3 Bb4+ 31. Kd3 a4 32. bxa4 bxa4 0-1

[Event "HUN-chT2 Asztalos 0910"]
[Site "Hungary"]
[Date "2010.03.21"]
[Round "8"]
[White "Oltean, Gusztav"]
[Black "Ferencz, Miklos"]
[Result "1-0"]
[WhiteElo "2133"]
[BlackElo "2111"]
[PlyCount "73"]
[EventDate "2009.11.08"]
[EventType "team-tourn"]
[EventRounds "11"]
[EventCountry "HUN"]
[SourceTitle "EXT 2011"]
[Source "ChessBase"]
[SourceDate "2010.11.26"]
[SourceVersion "1"]
[SourceVersionDate "2010.11.26"]
[SourceQuality "1"]
[WhiteTeam "Veszprem"]
[BlackTeam "Nagyatad"]
[WhiteTeamCountry "HUN"]
[BlackTeamCountry "HUN"]

1. c4 Nf6 2. Nc3 b6 3. Nf3 Bb7 4. g3 e6 5. Bg2 Bb4 6. 0-0 0-0 7. a3 Bxc3 8. bxc3 d6 9. d3 Nbd7 10. e4 Nc5 11. Nd4 Qe8 12. Nb5 Qc8 13. Nd4 Qe8 14. Bg5 Nfd7 15. f4 f6 16. Bh4 g6 17. Qc2 a6 18. Rae1 Qf7 19. Nf3 b5 20. Nd2 Qg7 21. g4 g5 22. fxg5 fxg5 23. Bg3 e5 24. Rf5 Rxf5 25. gxf5 Nf6 26. d4 Ncd7 27. cxb5 axb5 28. Qb3+ Qf7 29. Qxb5 Ba6 30. Qc6 Ra7 31. dxe5 Nxe5 32. Bxe5 dxe5 33. Nf3 Bb7 34. Qc5 Ra4 35. Nxg5 Qd7 36. Qxe5 Ng4 37. Qg3 1-0

[Event "HUN-chT2 Asztalos 0910"]
[Site "Hungary"]
[Date "2010.01.31"]
[Round "5"]
[White "Nadi, Ferenc"]
[Black "Ferencz, Miklos"]
[Result "0-1"]
[WhiteElo "2078"]
[BlackElo "2111"]
[PlyCount "68"]
[EventDate "2009.11.08"]
[EventType "team-tourn"]
[EventRounds "11"]
[EventCountry "HUN"]
[SourceTitle "EXT 2011"]
[Source "ChessBase"]
[SourceDate "2010.11.26"]
[SourceVersion "1"]
[SourceVersionDate "2010.11.26"]
[SourceQuality "1"]
[WhiteTeam "Szekesfehervar"]
[BlackTeam "Nagyatad"]
[WhiteTeamCountry "HUN"]
[BlackTeamCountry "HUN"]

1. d4 Nf6 2. Nf3 c5 3. d5 e6 4. c4 b5 5. Bg5 Qa5+ 6. Qd2 Qxd2+ 7. Nbxd2 bxc4 8. dxe6 fxe6 9. Nxc4 Nc6 10. a3 d5 11. Nce5 Nxe5 12. Nxe5 Ne4 13. Bc1 Bd6 14. Nf3 0-0 15. e3 c4 16. Be2 Rb8 17. 0-0 Bd7 18. Nd4 e5 19. Nc2 a5 20. f3 Nf6 21. Rd1 Ba4 22. Rd2 Bc5 23. Kf1 Kh8 24. Ke1 Rb3 25. e4 c3 26. bxc3 Rxc3 27. Bd1 dxe4 28. Bb2 Rc4 29. Bxe5 exf3 30. Bxf6 f2+ 31. Kf1 gxf6 32. Be2 Rxc2 33. Rxc2 Bxc2 34. Rc1 Rb8 0-1

[Event "HUN-chT2 Asztalos 0910"]
[Site "Hungary"]
[Date "2009.12.06"]
[Round "3"]
[White "Ferencz, Miklos"]
[Black "Szaz, Ferenc"]
[Result "1/2-1/2"]
[WhiteElo "2111"]
[BlackElo "2135"]
[PlyCount "178"]
[EventDate "2009.11.08"]
[EventType "team-tourn"]
[EventRounds "11"]
[EventCountry "HUN"]
[SourceTitle "EXT 2011"]
[Source "ChessBase"]
[SourceDate "2010.11.26"]
[SourceVersion "1"]
[SourceVersionDate "2010.11.26"]
[SourceQuality "1"]
[WhiteTeam "Nagyatad"]
[BlackTeam "Komlo"]
[WhiteTeamCountry "HUN"]
[BlackTeamCountry "HUN"]

1. e4 d5 2. exd5 Nf6 3. d4 Nxd5 4. Nf3 Bf5 5. Bd3 Bxd3 6. Qxd3 c6 7. 0-0 e6 8. c4 Nf6 9. Nc3 Be7 10. Re1 0-0 11. Bg5 h6 12. Bf4 Bd6 13. Qe3 Bxf4 14. Qxf4 Nbd7 15. Rad1 Qb6 16. b3 Rac8 17. h3 Qa5 18. Qe3 b5 19. Ne5 Rfd8 20. Rd2 Nxe5 21. dxe5 Rxd2 22. Qxd2 Rd8 23. Qe3 Ne8 24. Rc1 bxc4 25. bxc4 Nc7 26. Qe4 Qa3 27. Rc2 Na6 28. Qe2 Nb4 29. Rd2 Qc1+ 30. Rd1 Rxd1+ 31. Nxd1 Nxa2 32. Kh2 Nc3 33. Nxc3 Qxc3 34. Qe4 a5 35. Qxc6 Qxe5+ 36. g3 Kh7 37. c5 Qd4 38. Kg2 a4 39. Qa6 Qd5+ 40. Kg1 Qxc5 41. Qxa4 g6 42. h4 e5 43. Qd7 Kg7 44. Kg2 h5 45. Kg1 Qd4 46. Qe7 Qe4 47. Kh2 Qf5 48. Kg2 Qf6 49. Qb4 Qe6 50. Kg1 Kf6 51. Qd2 Ke7 52. Qb4+ Kf6 53. Qd2 Kg7 54. Qb4 f5 55. Kh2 Kf7 56. Kg1 f4 57. Qe4 fxg3 58. fxg3 Qf5 59. Qd5+ Kg7 60. Kg2 e4 61. Qd4+ Kf7 62. Qc4+ Kf8 63. Qb4+ Kg8 64. Qc4+ Kh7 65. Qc7+ Kh6 66. Qc1+ g5 67. Qc6+ Qg6 68. Qc1 Kh7 69. Qc7+ Qg7 70. Qc5 Qb2+ 71. Kg1 Qf6 72. Qe3 Qe5 73. hxg5 Kg6 74. Kg2 Qf5 75. Kh2 Qf3 76. Qb6+ Kxg5 77. Qd8+ Qf6 78. Qd5+ Qf5 79. Qd8+ Kg6 80. Qe8+ Kf6 81. Qd8+ Ke5 82. Qa5+ Ke6 83. Qb6+ Kf7 84. Qc7+ Kg6 85. Qd6+ Kg5 86. Qd2+ Kg4 87. Qd1+ Qf3 88. Qd7+ Kg5 89. Qd5+ Kf6 1/2-1/2

[Event "HUN-chT2 Asztalos 0809"]
[Site "Hungary"]
[Date "2009.01.25"]
[Round "6"]
[White "Ferencz, Miklos"]
[Black "Lenart, Endre"]
[Result "1-0"]
[WhiteElo "2111"]
[BlackElo "2064"]
[PlyCount "63"]
[EventDate "2008.10.26"]
[EventType "team-tourn"]
[EventRounds "11"]
[EventCountry "HUN"]
[SourceTitle "EXT 2010"]
[Source "ChessBase"]
[SourceDate "2010.11.25"]
[SourceVersion "1"]
[SourceVersionDate "2010.11.25"]
[SourceQuality "1"]
[WhiteTeam "Nagyatad"]
[BlackTeam "Komlo"]
[WhiteTeamCountry "HUN"]
[BlackTeamCountry "HUN"]

1. e4 d6 2. d4 Nf6 3. Nc3 Bg4 4. f3 Bh5 5. Be3 Nbd7 6. Qd2 e5 7. Nge2 c6 8. h4 Bg6 9. g4 h5 10. g5 Ng8 11. 0-0-0 Nb6 12. Ng3 Qc7 13. dxe5 dxe5 14. Nb5 cxb5 15. Bxb5+ Ke7 16. Bxb6 axb6 17. Qd7+ Qxd7 18. Rxd7+ Ke6 19. Rhd1 Rc8 20. Ba4 b5 21. Bb3+ Rc4 22. a4 Nf6 23. Rxb7 Bc5 24. Rxb5 Be3+ 25. Kb1 Rhc8 26. Rb4 Nd7 27. Rxc4 Rxc4 28. Bxc4+ Ke7 29. Bb5 Nb8 30. a5 Bf2 31. a6 Nxa6 32. Nh1 1-0